00233nam a2200097 a 4500008004100000050001500041100002100056245004000077260000900117350000900126120416s1988 xx |||||||||||||| || u aTH 438 Dha aDharwadker, P. P10aManagement in construction industry c1988 a0.00